Group Discussion Techniques (Record no. 47343)

MARC details
000 -LEADER
fixed length control field 00677nam a22001697a 4500
005 - DATE AND TIME OF LATEST TRANSACTION
control field 20260313123132.0
008 - FIXED-LENGTH DATA ELEMENTS--GENERAL INFORMATION
fixed length control field 260313b |||||||| |||| 00| 0 eng d
020 ## - INTERNATIONAL STANDARD BOOK NUMBER
International Standard Book Number 9798895563007
040 ## - CATALOGING SOURCE
Transcribing agency VITAP
082 ## - DEWEY DECIMAL CLASSIFICATION NUMBER
Edition number 23
Classification number 658.3113 RAJ
100 ## - MAIN ENTRY--PERSONAL NAME
Personal name Raja, Y. Narasimha
9 (RLIN) 17236
245 ## - TITLE STATEMENT
Title Group Discussion Techniques
Remainder of title : 101 Group Discussion Techniques for Participants & HR
Statement of responsibility, etc. / Dr. Y. Raja Narasimha
260 ## - PUBLICATION, DISTRIBUTION, ETC.
Place of publication, distribution, etc. California
Name of publisher, distributor, etc. Notion Press
Date of publication, distribution, etc. 2024
300 ## - PHYSICAL DESCRIPTION
Extent iv, 104p, .: 20cm
650 #0 - SUBJECT ADDED ENTRY--TOPICAL TERM
Topical term or geographic name entry element Introduction to Group Discussion, Types of Group Discussions, Structure of a Group Discussion, Communication Skills in GD, Leadership in Group Discussion etc.
9 (RLIN) 17237
942 ## - ADDED ENTRY ELEMENTS (KOHA)
Source of classification or shelving scheme Dewey Decimal Classification
Koha item type Text Book
Holdings
Withdrawn status Lost status Source of classification or shelving scheme Materials specified (bound volume or other part) Damaged status Not for loan Collection code Home library Current library Shelving location Date acquired Source of acquisition Cost, normal purchase price Inventory number Total Checkouts Full call number Barcode Date last seen Cost, replacement price Price effective from Koha item type Public note
    Dewey Decimal Classification Paper Back   Not For Loan Reference School of Business & General Section VIT-AP Reference 2026-01-30 Paramount Book Distributors 200.00 15624   658.3113 RAJ 025605 2026-03-13 200.00 2026-01-30 Reference Book MGT
    Dewey Decimal Classification Paper Back       School of Business & General Section VIT-AP General Stacks 2026-01-30 Paramount Book Distributors 200.00 15624   658.3113 RAJ 025606 2026-03-13 200.00 2026-01-30 Text Book MGT
    Dewey Decimal Classification Paper Back       School of Business & General Section VIT-AP General Stacks 2026-01-30 Paramount Book Distributors 200.00 15624   658.3113 RAJ 025607 2026-03-13 200.00 2026-01-30 Text Book MGT
    Dewey Decimal Classification Paper Back       School of Business & General Section VIT-AP General Stacks 2026-01-30 Paramount Book Distributors 200.00 15624   658.3113 RAJ 025608 2026-03-13 200.00 2026-01-30 Text Book MGT
    Dewey Decimal Classification Paper Back       School of Business & General Section VIT-AP General Stacks 2026-01-30 Paramount Book Distributors 200.00 15624   658.3113 RAJ 025609 2026-03-13 200.00 2026-01-30 Text Book MGT

Visitor Number: